<?xml version="1.0" encoding="UTF-8"?>
<record
    xmlns:xsi="http://www.w3.org/2001/XMLSchema-instance"
    xsi:schemaLocation="http://www.loc.gov/MARC21/slim http://www.loc.gov/standards/marcxml/schema/MARC21slim.xsd"
    xmlns="http://www.loc.gov/MARC21/slim">

  <leader>00737nam a22002297a 4500</leader>
  <controlfield tag="005">20170123162355.0</controlfield>
  <datafield tag="010" ind1=" " ind2=" ">
    <subfield code="a">856501</subfield>
  </datafield>
  <datafield tag="020" ind1=" " ind2=" ">
    <subfield code="c">25.00</subfield>
  </datafield>
  <datafield tag="035" ind1=" " ind2=" ">
    <subfield code="a">856501</subfield>
  </datafield>
  <datafield tag="037" ind1=" " ind2=" ">
    <subfield code="b">Cen Lib/Ret</subfield>
  </datafield>
  <datafield tag="040" ind1=" " ind2=" ">
    <subfield code="a">DPL</subfield>
    <subfield code="b">UR</subfield>
  </datafield>
  <datafield tag="082" ind1=" " ind2=" ">
    <subfield code="a">922</subfield>
    <subfield code="b">&#x641; &#x631; &#x6CC; </subfield>
  </datafield>
  <datafield tag="100" ind1=" " ind2=" ">
    <subfield code="a">&#x631;&#x627;&#x645; &#x67E;&#x627;&#x644; </subfield>
    <subfield code="9">656</subfield>
  </datafield>
  <datafield tag="245" ind1=" " ind2=" ">
    <subfield code="a">/ &#x6A9;&#x634;&#x641; &#x648; &#x6A9;&#x631;&#x627;&#x645;&#x627;&#x62A; &#x628;&#x627;&#x628;&#x627; &#x641;&#x631;&#x6CC;&#x62F; </subfield>
    <subfield code="c">&#x631;&#x627;&#x645; &#x67E;&#x627;&#x644; </subfield>
  </datafield>
  <datafield tag="246" ind1=" " ind2=" ">
    <subfield code="a">Kashf-w-kramati Baba Farid /</subfield>
    <subfield code="b">by Rampal</subfield>
  </datafield>
  <datafield tag="260" ind1=" " ind2=" ">
    <subfield code="a">&#x62F;&#x6C1;&#x644;&#x6CC;</subfield>
    <subfield code="b">&#x67E;&#x646;&#x62C;&#x627;&#x628;&#x6CC; &#x67E;&#x627;&#x633;&#x6A9;&#x62A; &#x628;&#x6BE;&#x646;&#x688;&#x627;&#x631; </subfield>
    <subfield code="c">1977</subfield>
  </datafield>
  <datafield tag="270" ind1=" " ind2=" ">
    <subfield code="a">&#x62F;&#x631;&#x628;&#x627; &#x6A9;&#x644;&#x627;&#x6BA; </subfield>
    <subfield code="b">&#x62F;&#x6C1;&#x644;&#x6CC;</subfield>
    <subfield code="e">110006</subfield>
  </datafield>
  <datafield tag="300" ind1=" " ind2=" ">
    <subfield code="a">392p.</subfield>
    <subfield code="c">16cm(Hb)</subfield>
  </datafield>
  <datafield tag="650" ind1=" " ind2=" ">
    <subfield code="a">&#x633;&#x648;&#x627;&#x646;&#x62D; &#x62D;&#x6CC;&#x627;&#x62A; -- &#x628;&#x627;&#x628;&#x627; &#x641;&#x631;&#x6CC;&#x62F;</subfield>
    <subfield code="v"> </subfield>
    <subfield code="9">139541</subfield>
  </datafield>
  <datafield tag="650" ind1=" " ind2=" ">
    <subfield code="a">Biography -- Baba Farid</subfield>
    <subfield code="9">139542</subfield>
  </datafield>
  <datafield tag="942" ind1=" " ind2=" ">
    <subfield code="2">ddc</subfield>
    <subfield code="c">UR</subfield>
    <subfield code="h">922</subfield>
    <subfield code="m">&#x641; &#x631; &#x6CC; </subfield>
  </datafield>
  <datafield tag="999" ind1=" " ind2=" ">
    <subfield code="c">109548</subfield>
    <subfield code="d">109548</subfield>
  </datafield>
  <datafield tag="952" ind1=" " ind2=" ">
    <subfield code="0">0</subfield>
    <subfield code="1">0</subfield>
    <subfield code="4">0</subfield>
    <subfield code="7">0</subfield>
    <subfield code="a">L</subfield>
    <subfield code="b">L</subfield>
    <subfield code="d">2016-03-18</subfield>
    <subfield code="e">Cen Lib/Ref</subfield>
    <subfield code="g">25.00</subfield>
    <subfield code="l">0</subfield>
    <subfield code="o">922 &#x641; &#x631; &#x6CC;</subfield>
    <subfield code="p">856501</subfield>
    <subfield code="r">2016-03-18 00:00:00</subfield>
    <subfield code="t">1</subfield>
    <subfield code="v">25.00</subfield>
    <subfield code="w">2016-03-18</subfield>
    <subfield code="y">UR</subfield>
  </datafield>
</record>
